000 00463nam a2200181Ia 4500
005 20250326124003.0
008 250326s9999 xx 000 0 und d
037 _aTextbook
040 _aFMSL
_beng
_cFMSL
041 _aeng
_2eng
084 _aX J9
_qFMSL
100 _aVillard H H
_9124443
245 0 _aEconomic development
_cVillard H H
260 _aNY
_bNY, Rinehart
_c1959
300 _a229p
942 _cTB
_hX J9
999 _c1271777
_d1271777